000 00367nam a2200133 4500
005 20260530115257.0
100 1 _aAlan Swann
245 1 0 _aLa Creación de Bocetos Gráficos (duplicado) -Manuales de Diseño GG
264 1 _bGustavo Gili
_c1990
300 _a144 páginas
336 _atexto
_2rdacontent
337 _asin medio
_2rdamedia
338 _avolumen
_2rdacarrier
999 _c12646
_d12646